Leaves from my library : an English anthology. / (Record no. 9948)

MARC details
000 -LEADER
fixed length control field 01162 a2200241 4500
003 - CONTROL NUMBER IDENTIFIER
control field OSt
005 - DATE AND TIME OF LATEST TRANSACTION
control field 20230720123550.0
008 - FIXED-LENGTH DATA ELEMENTS--GENERAL INFORMATION
fixed length control field 230720b ||||| |||| 00| 0 eng d
020 ## - INTERNATIONAL STANDARD BOOK NUMBER
International Standard Book Number 0406176159
040 ## - CATALOGING SOURCE
Transcribing agency WIUCH-GH
050 ## - LIBRARY OF CONGRESS CALL NUMBER
Classification number PR1285.D41
082 ## - DEWEY DECIMAL CLASSIFICATION NUMBER
Classification number 828'.08
100 ## - MAIN ENTRY--PERSONAL NAME
Personal name Denning, Alfred Thompson
9 (RLIN) 2137
245 ## - TITLE STATEMENT
Title Leaves from my library : an English anthology. /
Statement of responsibility, etc. Lord Denning
260 ## - PUBLICATION, DISTRIBUTION, ETC.
Place of publication, distribution, etc. London :
Name of publisher, distributor, etc. Butterworths,
Date of publication, distribution, etc. 1986.
300 ## - PHYSICAL DESCRIPTION
Extent xvii, 256 p. :
500 ## - GENERAL NOTE
General note Includes index
505 ## - FORMATTED CONTENTS NOTE
Formatted contents note Contents: Four months in 1940 -- England expects -- A pound of flesh -- The dearth of a king -- The great proconsul -- Rebellion in England -- A pure woman -- The trial of a knave -- Seeking salvation -- Preaching Christianity -- Thick fog -- The middle-aged lady -- The power of the press -- The impudent imposter -- The empire-builder -- A country gentleman's recreation -- A curate 's observation -- Set in our North Downs -- Sisters and suitors -- Medieval characters
650 ## - SUBJECT ADDED ENTRY--TOPICAL TERM
Topical term or geographic name entry element English prose literature
9 (RLIN) 2138
650 ## - SUBJECT ADDED ENTRY--TOPICAL TERM
Topical term or geographic name entry element English literature.
9 (RLIN) 2139
650 ## - SUBJECT ADDED ENTRY--TOPICAL TERM
Topical term or geographic name entry element English literature -- History and criticism.
9 (RLIN) 2140
942 ## - ADDED ENTRY ELEMENTS (KOHA)
Source of classification or shelving scheme Library of Congress Classification
Koha item type Books
Holdings
Withdrawn status Lost status Source of classification or shelving scheme Damaged status Not for loan Home library Current library Shelving location Date acquired Total Checkouts Full call number Barcode Date last seen Price effective from Koha item type
    Library of Congress Classification     WISCONSIN INTERNATIONAL UNIVERSITY COLLEGE, GHANA KUMASI LIBRARY WISCONSIN INTERNATIONAL UNIVERSITY COLLEGE, GHANA KUMASI LIBRARY Law Library 20/07/2023   PR1285.D41 KSL/2506/708/23 20/07/2023 20/07/2023 Books

If you have any concerns or questions; kindly contact the library


© Powered by WIUC ICT DIRECTORATE